The grief counselling casebook : (Record no. 1934)

000 -LEADER
fixed length control field 00992cam a22002418a 4500
003 - CONTROL NUMBER IDENTIFIER
control field OSt
005 - DATE AND TIME OF LATEST TRANSACTION
control field 20210706100252.0
008 - FIXED-LENGTH DATA ELEMENTS--GENERAL INFORMATION
fixed length control field 210702b ||||| |||| 00| 0 eng d
020 ## - INTERNATIONAL STANDARD BOOK NUMBER
International Standard Book Number 0412570807
020 ## - INTERNATIONAL STANDARD BOOK NUMBER
International Standard Book Number 1565933133
040 ## - CATALOGING SOURCE
Transcribing agency ALUPE UNIVERSITY
050 00 - LIBRARY OF CONGRESS CALL NUMBER
Classification number RC45
Item number .G8 1994
100 1# - MAIN ENTRY--PERSONAL NAME
Personal name Gunzburg, John C.
Authority record control number or standard number http://id.loc.gov/authorities/names/n93013743
245 14 - TITLE STATEMENT
Title The grief counselling casebook :
Remainder of title a student's guide to unresolved grief /
Statement of responsibility, etc. John C. Gunzberg and William Stewart.
250 ## - EDITION STATEMENT
Edition statement 1st ed.
260 ## - PUBLICATION, DISTRIBUTION, ETC.
Place of publication, distribution, etc. London ;
-- New York :
Name of publisher, distributor, etc. Chapman & Hall ;
Place of publication, distribution, etc. San Diego, Calif. :
Name of publisher, distributor, etc. Distributed in the USA and Canada by Singular Pub. Group,
Date of publication, distribution, etc. 1994.
300 ## - PHYSICAL DESCRIPTION
Extent xiii, 307 p. :
Other physical details ill.
650 #2 - SUBJECT ADDED ENTRY--TOPICAL TERM
Topical term or geographic name entry element Grief.
Authority record control number or standard number https://id.nlm.nih.gov/mesh/D006117
650 #2 - SUBJECT ADDED ENTRY--TOPICAL TERM
Topical term or geographic name entry element Counseling
General subdivision methods.
Authority record control number or standard number https://id.nlm.nih.gov/mesh/D003376Q000379
655 #2 - INDEX TERM--GENRE/FORM
Authority record control number or standard number https://id.nlm.nih.gov/mesh/D002363
700 1# - ADDED ENTRY--PERSONAL NAME
Personal name Stewart, William,
Dates associated with a name 1927-
Authority record control number or standard number http://id.loc.gov/authorities/names/n85063826
942 ## - ADDED ENTRY ELEMENTS (KOHA)
Source of classification or shelving scheme
Koha item type Book
Suppress in OPAC PW
Holdings
Withdrawn status Lost status Source of classification or shelving scheme Damaged status Not for loan Permanent Location Current Location Shelving location Date acquired Total Checkouts Full call number Barcode Date last seen Price effective from Koha item type Public note Copy number
          AU LIBRARY AU LIBRARY Open Shelf 02.07.2021   RC45 .L6 G8 1994 28002374 02.07.2021 02.07.2021 Book PW  
          AU LIBRARY AU LIBRARY Open Shelf 06.07.2021   RC45 .G8 1994 C2 28002375 06.07.2021 06.07.2021 Book DO 2

Powered by Koha